书目信息 |
| 题名: |
钢铁侠埃隆·马斯克
|
|
| 作者: | 杨士范 , 吴居叡 , 郑纬筌 著 | |
| 分册: | ||
| 出版信息: | 北京 中国人民大学出版社 2016 |
|
| 页数: | 22,165页 | |
| 开本: | 21cm | |
| 丛书名: | ||
| 单 册: | ||
| 中图分类: | K837.125.38=6 | |
| 科图分类: | ||
| 主题词: | 企业家--qi ye jia--传记--美国--现代 | |
| 电子资源: | ||
| ISBN: | 978-7-300-22513-5 | |
| 000 | 01273nam0 22002891 450 | |
| 001 | 0119165313 | |
| 005 | 20170619165313.0 | |
| 010 | @a978-7-300-22513-5@b精装@dCNY45.00 | |
| 100 | @a20160420d2016 em y0chiy50 ea | |
| 101 | 0 | @achi |
| 102 | @aCN@b110000 | |
| 105 | @ay z 000yb | |
| 106 | @ar | |
| 200 | 1 | @a钢铁侠埃隆·马斯克@9gang tie xia ai long ma si ke@e凭什么改变未来@f杨士范...(等)著 |
| 210 | @a北京@c中国人民大学出版社@d2016 | |
| 215 | @a22,165页@d21cm | |
| 305 | @a由先觉出版社授权出版,委托安德鲁文化事业有限公司代理版权 | |
| 330 | @a本书从不同面向来看马斯克的成长经历、教育过程、企业经营,以及前瞻策略,找出了马斯克影响世界的10种关键能力。或许我们无法百分之百复制钢铁人,但是从他逐步成功的路程中,我们将发现:所有的伟大,都是从最早的微不足道开始。你还在等着接班、等着别人给机会吗?向新品种的企业家学习,坚持创新、不与传统妥协,你也可以像钢铁人一样成就自我。 | |
| 517 | 1 | @a凭什么改变未来@9ping shen me gai bian wei lai |
| 606 | 0 | @a企业家@9qi ye jia@x传记@y美国@z现代 |
| 610 | 0 | @a马斯克(1971- )@Ama si ke (1971- ) |
| 690 | @aK837.125.38=6@v5 | |
| 701 | 0 | @a杨士范@9yang shi fan@4著 |
| 701 | 0 | @a吴居叡@9wu ju rui@4著 |
| 701 | 0 | @a郑纬筌@9zheng wei quan@4著 |
| 801 | 0 | @aCN@b百万庄@c20170616 |
| 905 | @b1011681-6@dK837.125.38=6@e846@f6 | |
| 钢铁侠埃隆·马斯克:凭什么改变未来/杨士范...(等)著 .-北京:中国人民大学出版社,2016 |
| 22,165页;21cm |
| ISBN 978-7-300-22513-5(精装):CNY45.00 |
| 本书从不同面向来看马斯克的成长经历、教育过程、企业经营,以及前瞻策略,找出了马斯克影响世界的10种关键能力。或许我们无法百分之百复制钢铁人,但是从他逐步成功的路程中,我们将发现:所有的伟大,都是从最早的微不足道开始。你还在等着接班、等着别人给机会吗?向新品种的企业家学习,坚持创新、不与传统妥协,你也可以像钢铁人一样成就自我。 |
| ● |
| 相关链接 |
|
|
|
|
正题名:钢铁侠埃隆·马斯克
索取号:K837.125.38=6/846
 
预约/预借
| 序号 | 登录号 | 条形码 | 馆藏地/架位号 | 状态 | 备注 |
| 1 | 1011681 | 210116818 | 第二样本阅览室/ [索取号:K837.125.38=6/846] | 在馆 | |
| 2 | 1011682 | 210116827 | 教育系资料室/ [索取号:K837.125.38=6/846] | 在馆 | |
| 3 | 1011683 | 210116836 | 教育系资料室/ [索取号:K837.125.38=6/846] | 在馆 | |
| 4 | 1011684 | 210116845 | 教育系资料室/ [索取号:K837.125.38=6/846] | 在馆 | |
| 5 | 1011685 | 210116854 | 第二借阅区/ [索取号:K837.125.38=6/846] | 在馆 | |
| 6 | 1011686 | 210116863 | 第二借阅区/ [索取号:K837.125.38=6/846] | 在馆 |